Women`s Political Participation (Record no. 4726)

MARC details
000 -LEADER
fixed length control field 00550cam a2200193ua 4500
008 - FIXED-LENGTH DATA ELEMENTS--GENERAL INFORMATION
fixed length control field 131004n ii |||gr||||Z||||||eng
020 ## - INTERNATIONAL STANDARD BOOK NUMBER
International Standard Book Number 978-81-7273-544-9
040 ## - CATALOGING SOURCE
Transcribing agency MAIN
082 ## - DEWEY DECIMAL CLASSIFICATION NUMBER
Classification number 305.4
245 ## - TITLE STATEMENT
Title Women`s Political Participation
Remainder of title Researching The Past And Present Designing The Future
260 ## - PUBLICATION, DISTRIBUTION, ETC.
Place of publication, distribution, etc. Delhi:
Name of publisher, distributor, etc. Authorspress,
Date of publication, distribution, etc. 2010.
300 ## - PHYSICAL DESCRIPTION
Extent xii,273p.
700 ## - ADDED ENTRY--PERSONAL NAME
Personal name Gupta,Ashok Kumar,
Relator term
700 ## - ADDED ENTRY--PERSONAL NAME
Personal name Bhandari,Asha,
Relator term
942 ## - ADDED ENTRY ELEMENTS (KOHA)
Koha item type Books
653 ## - INDEX TERM--UNCONTROLLED
Uncontrolled term Sociology
653 ## - INDEX TERM--UNCONTROLLED
Uncontrolled term Women`s Political Participation
Holdings
Withdrawn status Lost status Damaged status Not for loan Home library Current library Shelving location Date acquired Total Checkouts Full call number Barcode Date due Date last seen Date last checked out Copy number Price effective from Koha item type
        Central Library, Naharkatiya College Central Library, Naharkatiya College General Stacks 19/09/2020 1 305.4 | GUP 20805 08/01/2021 09/12/2020 09/12/2020 1 19/09/2020 Books

Naharkatiya College © 2020. All rights reserved.

Powered By